000 00222nam a22000857a 4500
008 160708b xxu||||| |||| 00| 0 eng d
100 _92445
_a Hutchins, P
245 _aDon't Forget the Bacon!
260 _aEngland
_b Penguin
_c1983
999 _c2116
_d2116